NJ Municipalities - Passaic County - Statistics

General Stats
  • This quiz has been taken 586 times
  • The average score is 11 of 16
Answers on the Map
Answers color-coded by a green-red scale on the quiz's map according to % correct below.
 
Answer Stats
Answer % Correct
Passaic
88%
Paterson
87%
Wayne Township
83%
West Milford
81%
Clifton
80%
Pompton Lakes
65%
Haledon
62%
Ringwood
62%
Little Falls
60%
North Haledon
60%
Totowa
59%
Hawthorne
57%
Wanaque
57%
Prospect Park
53%
Bloomingdale
51%
Woodland Park
48%
No matching quizzes found
Score Distribution
Percent of People with Each Score
Percentile by Number Answered
Your Score History
You have not taken this quiz